000 01274nam a22002177a 4500
005 20250719154834.0
008 220830b ||||| |||| 00| 0 eng d
020 _a9781405160391
040 _cAL
041 _aEnglish
082 _a070.4332
_bOWEI
100 _aJohn Owen
_956108
245 _aInternational news reporting
_bFrontlines and Deadlines
260 _aUnited Kingdom
_bJohn wiley and sons
_c2009
300 _axvi,280p.
_bPB
_c23x15.4cm.
365 _2General
520 _aA collection of essays by top international correspondents in print, broadcasting, and photojournalism, International News Reporting offers an introduction to journalism written by the people who have made the profession what it is today. Contributors identify the major areas of professional practice which students and young journalists need to know in order to work safely in, and understand fully, the field of international news gathering Looks at events from conflicts to humanitarian disasters Covers crucial topics such as how to report stories about the developing world, how to avoid stereotyping, the uses and abuses of blogging, and risk assessment for journalists in conflict zones
650 _2Jornalism
700 _aPurdey, Heather
_956109
942 _2ddc
_cBK
999 _c224487
_d224487